| 000 | 00579nam a22001817a 4500 | ||
|---|---|---|---|
| 999 |
_c11897 _d11897 |
||
| 003 | AR-CdUCM | ||
| 008 | 190405b ||||| |||| 00| 0 spa d | ||
| 040 |
_aMUNICIPALIDAD PROVINCIAL DEL CUSCO _cBIBLIOTECA MUNICIPAL DEL CUSCO |
||
| 082 |
_a802.08 / _bV181 / 1946 |
||
| 100 |
_aValle Inclan, Ramon del _929497 |
||
| 245 |
_aCara de plata : _bcomedia barbara / |
||
| 260 |
_aArgentina : _bEspasa-Calpa, _c1946. |
||
| 300 |
_a150 páginas ; _c18 cm. |
||
| 650 |
_aComedia barbara. _929498 |
||
| 650 |
_aLiteratura Argentina. _984 |
||
| 942 |
_2ddc _cLIBROS |
||
| 945 |
_awfj _d2019-04-05 |
||